[Event "Mar del Plata op 53rd"]
[Site "Mar del Plata"]
[Date "2024.03.25"]
[Round "3"]
[White "Siccardi, Pablo Daniel"]
[Black "Espinoza Palomino, Willyam"]
[Result "0-1"]
[WhiteElo "2095"]
[BlackElo "2400"]
[PlyCount "58"]
[EventDate "2024.03.23"]
[EventType "swiss"]
[EventRounds "9"]
[EventCountry "ARG"]
[SourceTitle "CB14_2024"]
[SourceDate "2024.04.01"]
[SourceVersion "1"]
[SourceVersionDate "2024.04.01"]
[SourceQuality "1"]

1. d4 Nf6 2. c4 e6 3. a3 b6 4. Nc3 Bb7 5. f3 d5 6. cxd5 exd5 7. Bg5 Be7 8. e3 0-0 9. Bd3 Re8 10. Bh4 Nh5 11. Bf2 Bg5 12. g4 Nf4 13. Bf1 Bh4 14. Qd2 c5 15. 0-0-0 cxd4 16. Bxh4 Qxh4 17. Qxd4 Ne6 18. Qd2 Nd7 19. Bb5 Ndc5 20. Kb1 Red8 21. Nge2 d4 22. exd4 Bxf3 23. Qe1 Qxe1 24. Rhxe1 Ne4 25. Nxe4 Bxe4+ 26. Bd3 Bf3 27. Bf5 Rd6 28. Rd3 Bxe2 29. Rxe2 Nf4 0-1

[Event "ARG-ch sf 94th"]
[Site "Buenos Aires"]
[Date "2019.03.31"]
[Round "2"]
[White "Siccardi, Pablo Daniel"]
[Black "Sala, Esteban"]
[Result "1-0"]
[WhiteElo "2123"]
[BlackElo "1775"]
[PlyCount "77"]
[EventDate "2019.03.30"]
[EventType "swiss"]
[EventRounds "9"]
[EventCountry "ARG"]
[SourceTitle "CBM 189 Extra"]
[Source "ChessBase"]
[SourceDate "2019.06.03"]
[SourceVersion "1"]
[SourceVersionDate "2019.06.03"]
[SourceQuality "1"]

1. d4 d5 2. c4 dxc4 3. e4 Nf6 4. e5 Nd5 5. Bxc4 e6 6. Nc3 Bb4 7. Nge2 Nb6 8. Bd3 c5 9. dxc5 Bxc5 10. Ne4 Bb4+ 11. N2c3 N6d7 12. f4 a6 13. 0-0 Nc6 14. Qf3 Qc7 15. Be3 b6 16. Rac1 Bb7 17. a3 Be7 18. b4 f5 19. exf6 Nxf6 20. b5 Bxa3 21. Rc2 Nb4 22. Nd5 Qxc2 23. Ndxf6+ Ke7 24. Bxc2 Nxc2 25. Bd4 gxf6 26. Bxf6+ Kd7 27. Bxh8 Rxh8 28. Qd3+ Ke7 29. Qxc2 Rc8 30. Qd3 Bb4 31. Rd1 Bxe4 32. Qd7+ Kf6 33. Qxc8 Bc5+ 34. Kh1 axb5 35. Qh8+ Kg6 36. Qg8+ Kf6 37. Qg5+ Kf7 38. Rd7+ Kf8 39. Qd8# 1-0

[Event "Buenos Aires Szmetan Giardelli op"]
[Site "Buenos Aires"]
[Date "2018.12.07"]
[Round "4"]
[White "Kapitanchuk, Tomas"]
[Black "Siccardi, Pablo Daniel"]
[Result "0-1"]
[WhiteElo "2245"]
[BlackElo "2108"]
[PlyCount "122"]
[EventDate "2018.12.04"]
[EventType "swiss"]
[EventRounds "9"]
[EventCountry "ARG"]
[SourceTitle "CBM 187 Extra"]
[Source "ChessBase"]
[SourceDate "2018.11.04"]
[SourceVersion "1"]
[SourceVersionDate "2018.11.04"]
[SourceQuality "1"]

1. e4 e6 2. d4 d5 3. Nd2 Be7 4. Ngf3 Nf6 5. e5 Nfd7 6. Bd3 c5 7. c3 Nc6 8. 0-0 Rb8 9. Qe2 c4 10. Bc2 b5 11. a3 Nb6 12. Ne1 h5 13. f4 g6 14. g3 Bd7 15. Ndf3 a5 16. h3 b4 17. axb4 axb4 18. g4 hxg4 19. hxg4 b3 20. Bb1 Ra8 21. Rxa8 Qxa8 22. f5 Qa1 23. Nd2 exf5 24. gxf5 Bxf5 25. Bxf5 Qxc1 26. Bb1 Qxb2 27. e6 f5 28. Qe3 Bf6 29. Nef3 Na4 30. Qf4 0-0 31. Qh6 Ne7 32. Kg2 Bg7 33. Qh4 Rf6 34. Rf2 Qxc3 35. Qf4 Rxe6 36. Ng5 Rf6 37. Qb8+ Rf8 38. Qh2 Rf6 39. Qb8+ Bf8 40. Qe5 Rc6 41. Re2 Qb4 42. Qh2 Bg7 43. Ndf3 Nc3 44. Qh7+ Kf8 45. Re6 Ne4 46. Bxe4 fxe4 47. Rxc6 exf3+ 48. Kh3 Nxc6 49. Qxg6 Qe7 50. Ne6+ Kg8 51. Nxg7 Qxg7 52. Qxc6 Qxd4 53. Qe8+ Kg7 54. Qe7+ Kg6 55. Qe8+ Kf5 56. Qf7+ Ke4 57. Kg4 Ke3+ 58. Kh3 b2 59. Qf5 Qe4 60. Qg5+ Ke2 61. Qg1 Qh7+ 0-1

[Event "Buenos Aires Szmetan Giardelli op"]
[Site "Buenos Aires"]
[Date "2018.12.05"]
[Round "2"]
[White "Decoppet, Nestor"]
[Black "Siccardi, Pablo Daniel"]
[Result "0-1"]
[WhiteElo "1783"]
[BlackElo "2108"]
[PlyCount "56"]
[EventDate "2018.12.04"]
[EventType "swiss"]
[EventRounds "9"]
[EventCountry "ARG"]
[SourceTitle "CBM 187 Extra"]
[Source "ChessBase"]
[SourceDate "2018.11.04"]
[SourceVersion "1"]
[SourceVersionDate "2018.11.04"]
[SourceQuality "1"]

1. e4 c5 2. c3 d5 3. Bb5+ Bd7 4. Bxd7+ Qxd7 5. exd5 Qxd5 6. Nf3 e6 7. d4 Nc6 8. Be3 cxd4 9. Bxd4 Nxd4 10. Qxd4 Nf6 11. 0-0 Bc5 12. Qa4+ Qd7 13. Qxd7+ Kxd7 14. b4 Bb6 15. c4 a5 16. b5 Rhd8 17. Nc3 Rac8 18. Na4 Bc5 19. Ne5+ Ke7 20. Rad1 Bd4 21. Rxd4 Rxd4 22. Nb6 Rc5 23. f4 Ne4 24. Rc1 f6 25. Nf3 Rd6 26. Re1 f5 27. Na8 Rxc4 28. b6 Rc8 0-1

[Event "Villa Martelli ProAm op 25th"]
[Site "Villa Martelli"]
[Date "2018.11.07"]
[Round "5"]
[White "Valerga, Diego"]
[Black "Siccardi, Pablo Daniel"]
[Result "1-0"]
[WhiteElo "2413"]
[BlackElo "2100"]
[PlyCount "99"]
[EventDate "2018.11.03"]
[EventType "swiss"]
[EventRounds "9"]
[EventCountry "ARG"]
[SourceTitle "EXT 2020"]
[Source "ChessBase"]
[SourceDate "2019.10.17"]
[SourceVersion "1"]
[SourceVersionDate "2019.10.17"]
[SourceQuality "1"]

1. d4 e6 2. Nf3 f5 3. g3 Nf6 4. Bg2 d5 5. 0-0 Bd6 6. c4 c6 7. b3 Qe7 8. Qc2 0-0 9. Ne5 a5 10. Nd2 b6 11. Ndf3 Ne4 12. Nd3 Bb7 13. Bf4 Bxf4 14. Nxf4 Nd7 15. Rfd1 Rfc8 16. Qb2 Ndf6 17. Ne5 Rc7 18. Rac1 Rac8 19. f3 Ng5 20. c5 b5 21. Qd2 Nf7 22. Qxa5 Ra8 23. Qd2 Nxe5 24. dxe5 Nd7 25. Nd3 Bc8 26. Rc2 Rca7 27. Nb4 Bb7 28. Qd4 Nf8 29. e4 Ng6 30. Re2 f4 31. exd5 exd5 32. e6 Qg5 33. g4 Re8 34. Rde1 Re7 35. Nd3 h5 36. h3 Bc8 37. Qb2 Re8 38. Nb4 Bb7 39. Nc2 Qe7 40. b4 hxg4 41. hxg4 Rea8 42. Nd4 Nh4 43. Qd2 g5 44. Nf5 Nxf5 45. gxf5 Qf6 46. Bh3 Re8 47. Bg4 Re7 48. Qb2 Qxb2 49. Rxb2 Kg7 50. Rh2 1-0

[Event "Villa Martelli ProAm op 23rd"]
[Site "Villa Martelli"]
[Date "2016.11.26"]
[Round "8"]
[White "Zamani, Andres"]
[Black "Siccardi, Pablo Daniel"]
[Result "1/2-1/2"]
[WhiteElo "2080"]
[BlackElo "2118"]
[PlyCount "162"]
[EventDate "2016.11.20"]
[EventType "swiss"]
[EventRounds "9"]
[EventCountry "ARG"]
[SourceTitle "CBM 175 Extra"]
[Source "ChessBase"]
[SourceDate "2016.12.12"]
[SourceVersion "1"]
[SourceVersionDate "2016.12.12"]
[SourceQuality "1"]

1. e4 e6 2. f4 d5 3. e5 c5 4. Nf3 Nc6 5. c3 Nh6 6. Bd3 c4 7. Bc2 Bc5 8. d4 cxd3 9. Bxd3 Ng4 10. Nd4 h5 11. Be2 Nxd4 12. cxd4 Bb6 13. Nc3 a6 14. Qd3 Qe7 15. f5 Qb4 16. Bxg4 hxg4 17. Be3 exf5 18. a3 Qb3 19. 0-0 Be6 20. Rxf5 0-0-0 21. Rff1 Rh5 22. Bf4 Kb8 23. Rf2 Ka8 24. Qd1 Qc4 25. Rd2 g5 26. Bg3 Rhh8 27. Na4 Ba7 28. Rc1 Qb5 29. Nc5 Rc8 30. Nxe6 Rxc1 31. Qxc1 fxe6 32. Qc3 Qa4 33. Bf2 Rf8 34. Be3 Qd7 35. Rc2 Qh7 36. Rf2 Qb1+ 37. Bc1 Rxf2 38. Qc8+ Bb8 39. Kxf2 Qf5+ 40. Kg3 Qd3+ 41. Kxg4 Qxd4+ 42. Kxg5 Qxe5+ 43. Kg6 Qf5+ 44. Kh6 Qf6+ 45. Kh5 Ka7 46. Be3+ Ka8 47. Bg5 Qf7+ 48. Kh6 e5 49. g4 d4 50. Qd8 Ka7 51. h4 Bc7 52. Qc8 Bd6 53. Bc1 Bf8+ 54. Kg5 Be7+ 55. Kh6 Qf6+ 56. Kh7 Qxh4+ 57. Bh6 Qf6 58. g5 Qf7+ 59. Bg7 Bxg5 60. Qc5+ b6 61. Qxe5 Be3 62. Qe4 Qd7 63. Qd3 a5 64. b4 a4 65. b5 Qh3+ 66. Kg6 Qe6+ 67. Bf6 Bf2 68. Kg7 Qb3 69. Qe2 Be3 70. Kg6 Qxa3 71. Qc4 Qd6 72. Qxa4+ Kb8 73. Kf5 Qd7+ 74. Ke4 Qg4+ 75. Kd5 Qg8+ 76. Ke4 Qg6+ 77. Ke5 Bf2 78. Ke6 Qg4+ 79. Kd5 Qd7+ 80. Ke4 Qh7+ 81. Kd5 Qf7+ 1/2-1/2

[Event "Villa Martelli ProAm op 23rd"]
[Site "Villa Martelli"]
[Date "2016.11.25"]
[Round "7"]
[White "Siccardi, Pablo Daniel"]
[Black "Cimer, Emanuel"]
[Result "1-0"]
[WhiteElo "2118"]
[BlackElo "2273"]
[PlyCount "81"]
[EventDate "2016.11.20"]
[EventType "swiss"]
[EventRounds "9"]
[EventCountry "ARG"]
[SourceTitle "CBM 175 Extra"]
[Source "ChessBase"]
[SourceDate "2016.12.12"]
[SourceVersion "1"]
[SourceVersionDate "2016.12.12"]
[SourceQuality "1"]

1. e4 c5 2. Nf3 d6 3. d4 cxd4 4. Nxd4 Nf6 5. Nc3 g6 6. Be3 Bg7 7. h3 0-0 8. Bc4 Nc6 9. Bb3 Bd7 10. 0-0 Rc8 11. Re1 a6 12. Bg5 h6 13. Bh4 Nxd4 14. Qxd4 g5 15. Bg3 Nh5 16. Qe3 Bxc3 17. bxc3 Qa5 18. Bh2 Rxc3 19. Qd2 Rc5 20. Qe2 Ng7 21. f4 Be6 22. e5 dxe5 23. fxg5 hxg5 24. Bxe5 Rc6 25. c4 Qc5+ 26. Kh1 f6 27. Bb2 Rd8 28. Rad1 Rcd6 29. Rd5 Bxd5 30. cxd5 Nf5 31. Qd3 Qc8 32. g4 Ng7 33. Bc2 Rxd5 34. Qh7+ Kf8 35. Bg6 e5 36. Ba3+ Rc5 37. Qh8+ Ke7 38. Qxg7+ Kd6 39. Qxf6+ Kc7 40. Bxc5 Kb8 41. Qb6 1-0

[Event "Villa Martelli ProAm op 23rd"]
[Site "Villa Martelli"]
[Date "2016.11.24"]
[Round "6"]
[White "Pierucci, Fabian"]
[Black "Siccardi, Pablo Daniel"]
[Result "0-1"]
[WhiteElo "2026"]
[BlackElo "2118"]
[PlyCount "116"]
[EventDate "2016.11.20"]
[EventType "swiss"]
[EventRounds "9"]
[EventCountry "ARG"]
[SourceTitle "CBM 175 Extra"]
[Source "ChessBase"]
[SourceDate "2016.12.12"]
[SourceVersion "1"]
[SourceVersionDate "2016.12.12"]
[SourceQuality "1"]

1. e4 e6 2. d4 d5 3. Nd2 Nc6 4. Ngf3 Nf6 5. e5 Nd7 6. c3 f6 7. exf6 Qxf6 8. Bb5 a6 9. Ba4 b5 10. Bc2 e5 11. dxe5 Ndxe5 12. 0-0 Bg4 13. Qe1 0-0-0 14. Nxe5 Qxe5 15. Qxe5 Nxe5 16. Nb3 Nc4 17. h3 Bd7 18. Nd4 c5 19. Nf5 g6 20. Ne3 Nb6 21. Rd1 Bc6 22. Ng4 Bd6 23. Bg5 Rde8 24. Be3 Nc4 25. b3 Nxe3 26. Nxe3 Re5 27. Bd3 Rd8 28. a4 Kb7 29. axb5 axb5 30. Be2 Be7 31. Bf3 Bg5 32. Ng4 Ree8 33. g3 h5 34. Nh2 Bf6 35. Rac1 Rd7 36. c4 d4 37. cxb5 Bxf3 38. Nxf3 Kb6 39. b4 Rc8 40. bxc5+ Rxc5 41. Rxc5 Kxc5 42. Rb1 d3 43. Nd2 Bc3 44. b6 Be5 45. b7 Bb8 46. Kf1 Re7 47. Nb3+ Kb4 48. Nd4+ Kc3 49. Nc6 Kc2 50. Ra1 Rxb7 51. Ke1 Bd6 52. Rd1 Bb4+ 53. Nxb4+ Rxb4 54. Rd2+ Kc3 55. Rd1 Re4+ 56. Kf1 d2 57. f3 Re8 58. Ra1 Kb2 0-1

[Event "Villa Martelli ProAm op 23rd"]
[Site "Villa Martelli"]
[Date "2016.11.21"]
[Round "3"]
[White "Slipak, Sergio"]
[Black "Siccardi, Pablo Daniel"]
[Result "1-0"]
[WhiteElo "2455"]
[BlackElo "2118"]
[PlyCount "53"]
[EventDate "2016.11.20"]
[EventType "swiss"]
[EventRounds "9"]
[EventCountry "ARG"]
[SourceTitle "CBM 175 Extra"]
[Source "ChessBase"]
[SourceDate "2016.12.12"]
[SourceVersion "1"]
[SourceVersionDate "2016.12.12"]
[SourceQuality "1"]

1. c4 Nf6 2. Nc3 g6 3. d4 c5 4. d5 d6 5. Nf3 Bg7 6. Bg5 0-0 7. e3 h6 8. Bh4 g5 9. Bg3 Nh5 10. Bd3 Nxg3 11. hxg3 e6 12. Qc2 exd5 13. cxd5 f5 14. Nd2 a6 15. a4 Qf6 16. f4 Nd7 17. Nc4 Rb8 18. a5 Rf7 19. 0-0 g4 20. e4 Qd4+ 21. Rf2 fxe4 22. Nxe4 Bf8 23. Ncxd6 Bxd6 24. Nxd6 Rf6 25. Ra4 Qxa4 26. Qxa4 Rxd6 27. Qe4 1-0

[Event "ARG-ch sf 90th"]
[Site "Buenos Aires"]
[Date "2015.08.21"]
[Round "2"]
[White "Siccardi, Pablo Daniel"]
[Black "Gaitan, Juan Manuel"]
[Result "0-1"]
[WhiteElo "2075"]
[BlackElo "2348"]
[PlyCount "80"]
[EventDate "2015.08.20"]
[EventType "swiss"]
[EventRounds "9"]
[EventCountry "ARG"]
[SourceTitle "EXT 2016"]
[Source "ChessBase"]
[SourceDate "2015.10.08"]
[SourceVersion "1"]
[SourceVersionDate "2015.10.08"]
[SourceQuality "1"]

1. e4 c5 2. Nf3 d6 3. d4 cxd4 4. Nxd4 Nf6 5. Nc3 a6 6. Bg5 Nbd7 7. Bc4 g6 8. Qe2 Bg7 9. 0-0-0 0-0 10. f4 Qc7 11. Nf3 b5 12. Bd5 b4 13. e5 bxc3 14. Bxa8 cxb2+ 15. Kb1 Nb6 16. Bxf6 exf6 17. exd6 Qb8 18. Bc6 Be6 19. f5 Nc4 20. Rd3 gxf5 21. Rhd1 Qb6 22. Ba4 f4 23. Nd4 Qxd6 24. Nxe6 Qxe6 25. Qxe6 fxe6 26. Bd7 Kf7 27. Rc3 Ne3 28. Rd2 f5 29. Rc6 e5 30. Be6+ Kg6 31. Kxb2 e4+ 32. Kb3 Kg5 33. Rxa6 Rb8+ 34. Ka4 Bc3 35. Re2 Rb4+ 36. Ka3 Rd4 37. Kb3 Bd2 38. Ra4 Rd6 39. Rxe3 Rb6+ 40. Kc4 fxe3 0-1

[Event "Latin Cup-A 6th"]
[Site "Buenos Aires"]
[Date "2015.03.23"]
[Round "6"]
[White "Muniz, Rafael"]
[Black "Siccardi, Pablo Daniel"]
[Result "1-0"]
[WhiteElo "2268"]
[BlackElo "2071"]
[PlyCount "65"]
[EventDate "2015.03.19"]
[EventType "swiss"]
[EventRounds "9"]
[EventCountry "ARG"]
[SourceTitle "CBM 165 Extra"]
[Source "ChessBase"]
[SourceDate "2015.04.21"]
[SourceVersion "1"]
[SourceVersionDate "2015.04.21"]
[SourceQuality "1"]

1. e4 e6 2. d4 d5 3. e5 c5 4. c3 Qb6 5. Nf3 Bd7 6. Be2 Nc6 7. a3 a5 8. b3 Nh6 9. 0-0 cxd4 10. Bxh6 gxh6 11. cxd4 Rc8 12. Qd3 Na7 13. Qe3 Bb5 14. Bxb5+ Qxb5 15. Nbd2 Nc6 16. Rfc1 Bg7 17. Nf1 0-0 18. Ng3 Rc7 19. Nh5 Rfc8 20. Rc5 Qa6 21. Rac1 Bf8 22. R5c3 Kh8 23. Nf6 Bg7 24. h3 Qb6 25. Qd3 Bxf6 26. exf6 Rg8 27. Qe3 Rd7 28. Qxh6 Rg6 29. Qf4 Rd8 30. Rxc6 bxc6 31. Ne5 Qb7 32. Nxg6+ fxg6 33. Qe5 1-0

[Event "Villa Martelli op-A 21st"]
[Site "Villa Martelli"]
[Date "2014.11.09"]
[Round "3"]
[White "Siccardi, Pablo Daniel"]
[Black "Cuevas, Alex"]
[Result "0-1"]
[WhiteElo "2042"]
[BlackElo "2262"]
[PlyCount "31"]
[EventDate "2014.11.07"]
[EventType "swiss"]
[EventRounds "9"]
[EventCountry "ARG"]
[SourceTitle "CBM 163 Extra"]
[Source "ChessBase"]
[SourceDate "2014.12.23"]
[SourceVersion "1"]
[SourceVersionDate "2014.12.23"]
[SourceQuality "1"]

1. e4 c5 2. Nf3 e6 3. d4 cxd4 4. Nxd4 a6 5. Bd3 Qc7 6. 0-0 b6 7. c4 Bb7 8. Nc3 Nf6 9. Qe2 d6 10. f4 Nbd7 11. g4 Nc5 12. Bc2 g6 13. b4 Ncd7 14. f5 gxf5 15. gxf5 Rg8+ 16. Kh1 0-1

[Event "Villa Martelli op-A 21st"]
[Site "Villa Martelli"]
[Date "2014.11.08"]
[Round "2"]
[White "Dos Santos, Ramiro"]
[Black "Siccardi, Pablo Daniel"]
[Result "0-1"]
[WhiteElo "2444"]
[BlackElo "2042"]
[PlyCount "84"]
[EventDate "2014.11.07"]
[EventType "swiss"]
[EventRounds "9"]
[EventCountry "ARG"]
[SourceTitle "CBM 163 Extra"]
[Source "ChessBase"]
[SourceDate "2014.12.23"]
[SourceVersion "1"]
[SourceVersionDate "2014.12.23"]
[SourceQuality "1"]

1. e4 e6 2. d4 d5 3. Nc3 Bb4 4. e5 Qd7 5. a3 Bxc3+ 6. bxc3 b6 7. Qg4 f5 8. Qg3 Ba6 9. Bxa6 Nxa6 10. Ne2 0-0-0 11. Nf4 Nb8 12. Qd3 g5 13. Ne2 h6 14. a4 Ne7 15. a5 Nec6 16. axb6 cxb6 17. 0-0 Na5 18. Ba3 Nc4 19. Rfb1 h5 20. Nc1 Nc6 21. Nb3 Rh7 22. Nd2 N6a5 23. Bb4 Nxd2 24. Qxd2 Nc4 25. Qxg5 Kb7 26. Bd6 Rdh8 27. Rb4 Rg7 28. Qc1 Rhg8 29. g3 h4 30. Qh6 hxg3 31. hxg3 Rg4 32. Qh3 Re4 33. Rxc4 dxc4 34. Kf1 a6 35. Qh6 Reg4 36. Qh1+ Ka7 37. Ke2 f4 38. gxf4 Rxf4 39. d5 Qf7 40. dxe6 Rxf2+ 41. Ke1 Qf5 42. Ra2 Rfg2 0-1